| 000 | 00552nam a22001937a 4500 | ||
|---|---|---|---|
| 008 | 230519b |||||||| |||| 00| 0 eng d | ||
| 020 | _a81723615211 | ||
| 040 |
_aNational Science Library _cNational Science Library |
||
| 080 |
_a612.82 _bN7 |
||
| 100 |
_aPandya, Sunil K _99382 |
||
| 245 | _aBrain and behaviour | ||
| 260 |
_aNew Delhi: _bNational Institute of Science Communication, _c1997 |
||
| 300 | _a102p. | ||
| 650 | _aScience | ||
| 653 | _aNeural networks | ||
| 653 | _aMolecules of memory | ||
| 700 | _aShah, Nikhil | ||
| 942 |
_2udc _cBK |
||
| 999 |
_c32147 _d32147 |
||